ბათუმის შოთა რუსთაველის სახელმწიფო უნივერსიტეტის ბიბლიოთეკა

რეგიონის უმაღლესი ტექნიკური განათლების სპეციალისტთა მოთხოვნილების პროგნოზირების კონცეპტუალური მოდელი : (ბიბ.ჩანაწერი № 40927)

000 -ლიდერი
ფიქსირებული სიგრძის საკონტროლო ველი 01676nam a2200241Ia 4500
001 - საკონტროლო ნომერი
საკონტროლო ველი 7573
003 - საკონტროლო ნომრის იდენტიფიკატორი
საკონტროლო ველი GE_BSU
005 - ბოლო ოპერაციის თარიღი და დრო
საკონტროლო ველი 20231221172119.0
008 - ფიქსირებული სიგრძის მონაცემთა ელემენტები - ზოგადი ინფორმაცია
ფიქსირებული სიგრძის საკონტროლო ველი 181216s2013||||ge |||||||||||||| ||geo||
020 ## - წიგნის საერთაშორისო სტანდარტული ნომერი
International Standard Book Number 9789941220630
040 ## - კატალოგიზაციის წყარო
Transcribing agency GE_BSU
041 ## - ენის კოდი
Language code of text/sound track or separate title geo
080 ## - უნივერსალური ათობითი კლასიფიკაციის ინდექსი
Universal Decimal Classification number 62+005.5 მ-89
100 ## - მთავარი ჩანაწერი - პიროვნების სახელი
Personal name მოწყობილი, ია
9 (RLIN) 20845
245 ## - ცნობა სათაურის შესახებ
Title რეგიონის უმაღლესი ტექნიკური განათლების სპეციალისტთა მოთხოვნილების პროგნოზირების კონცეპტუალური მოდელი :
Remainder of title მონოგრაფია /
Statement of responsibility, etc ია მოწყობილი ; სამც. ხელ-ლი : იბრაიმ დიდმანიძე ; თელავის სახელმწიფო ენივერსიტეტი.
264 ## - წარმოების, გამოცემის, დისტრიბუციის და სხვა ცნობები
გამოცემის, წარმოების, დისტრიბუციის... ადგილი თბილისი :
გამოცემის, წარმოების, დისტრიბუციის... სახელწოდება უნივერსალი,
გამოცემის, წარმოების, დისტრიბუციის... თარიღი 2013.
300 ## - ფიზიკური აღწერა
Extent 114 გვ. ;
Dimensions 21 სმ.
Accompanying material ცხრილები.
504 ## - BIBLIOGRAPHY, ETC. NOTE
Bibliography, etc ბიბლიოგრაფია გვ. 89
653 ## - INDEX TERM--UNCONTROLLED
Uncontrolled term რეგიონის უმაღლესი ტექნიკური განათლების სპეციალისტთა მოთხოვნილების პროგნოზირების კონცეპტუალური მოდელი
700 ## - ADDED ENTRY--PERSONAL NAME
Personal name დიდმანიძე, იბრაიმ
Relator term სამეცნიერო ხელმძღვანელი
9 (RLIN) 1168
710 ## - ADDED ENTRY--CORPORATE NAME
Corporate name or jurisdiction name as entry element თელავის სახელმწიფო ენივერსიტეტი
9 (RLIN) 20846
942 ## - ADDED ENTRY ELEMENTS (KOHA)
Koha item type წიგნი
Source of classification or shelving scheme
ეგზემპლარები
ჩამოწერის სტატუსი დაკარგული ეგზემპლარის სტატუსი კლასიფიკაციის წყარო ან თაროზე გაწყობის სქემა დაზიანების სტატუსი არ გაიცემა მუდმივი მდებარეობა (დაცვის ადგილი) ამჟამინდელი ადგილსამყოფელი თაროზე განთავსების ადგილი შეძენის თარიღი სრული შენახვის შიფრი შტრიხკოდი ბოლო ოპერაციის თარიღი ეგზემპლარის მიმდევრობითი ნომერი (კეტერი?) ფასის ძალაში შესვლის თარიღი ეგზემპლარის სახეობა
          ბათუმის შოთა რუსთაველის სახელმწიფო უნივერსიტეტის მთავარი ბიბლიოთეკა ბათუმის შოთა რუსთაველის სახელმწიფო უნივერსიტეტის მთავარი ბიბლიოთეკა წიგნსაცავი 2018-12-17 62+005.5 მ-89 23443 2018-12-17 23443 2018-12-17 წიგნი
          ბათუმის შოთა რუსთაველის სახელმწიფო უნივერსიტეტის მთავარი ბიბლიოთეკა ბათუმის შოთა რუსთაველის სახელმწიფო უნივერსიტეტის მთავარი ბიბლიოთეკა წიგნსაცავი 2018-12-17 62+005.5 მ-89 23444 2018-12-17 23444 2018-12-17 წიგნი
          ბათუმის შოთა რუსთაველის სახელმწიფო უნივერსიტეტის მთავარი ბიბლიოთეკა ბათუმის შოთა რუსთაველის სახელმწიფო უნივერსიტეტის მთავარი ბიბლიოთეკა წიგნსაცავი 2018-12-17 62+005.5 მ-89 23445 2018-12-17 23445 2018-12-17 წიგნი
          ბათუმის შოთა რუსთაველის სახელმწიფო უნივერსიტეტის მთავარი ბიბლიოთეკა ბათუმის შოთა რუსთაველის სახელმწიფო უნივერსიტეტის მთავარი ბიბლიოთეკა წიგნსაცავი 2018-12-17 62+005.5 მ-89 23446 2018-12-17 23446 2018-12-17 წიგნი
          ბათუმის შოთა რუსთაველის სახელმწიფო უნივერსიტეტის მთავარი ბიბლიოთეკა ბათუმის შოთა რუსთაველის სახელმწიფო უნივერსიტეტის მთავარი ბიბლიოთეკა წიგნსაცავი 2018-12-17 62+005.5 მ-89 23447 2018-12-17 23447 2018-12-17 წიგნი
          ბათუმის შოთა რუსთაველის სახელმწიფო უნივერსიტეტის მთავარი ბიბლიოთეკა ბათუმის შოთა რუსთაველის სახელმწიფო უნივერსიტეტის მთავარი ბიბლიოთეკა წიგნსაცავი 2018-12-17 62+005.5 მ-89 23448 2018-12-17 23448 2018-12-17 წიგნი